Hospital law manual /

Bibliographic Details
Corporate Author: Aspen Systems Corporation. Health Law Center
Other Authors: La Macchia, Ellamay Ebbs, Roth, Michael D.
Format: Book
Language:English
Published: [Germantown, Md.] : Health Law Center, Aspen Systems Corporation, [1959]-
Subjects:

MARC

Tag First Indicator Second Indicator Subfields
LEADER 00000cam a2200000 a 4500
001 in00000074540
005 20151008053557.0
008 791119m19599999mdu 00000 engm
010 |a  74080713  
020 |a 0912862068 (administrator's set) 
020 |a 091286205X (attorney's set) 
035 |a (OCoLC)05799285 
035 |9 AAH7900AM 
040 |a DLC  |c DLC  |d m.c.  |d GXM  |d TXA  |d UtOrBLW 
043 |a n-us--- 
049 |a TXAM 
050 0 0 |a KF3825.A6  |b A85 
082 0 |a 344/.73/03211 
096 |a WX 32.AA1 H828 
110 2 |a Aspen Systems Corporation.  |b Health Law Center. 
245 1 0 |a Hospital law manual /  |c managing editor, Paul C. Lasky ; editors, Ellamay Ebbs La Macchia, Michael D. Roth. 
264 1 |a [Germantown, Md.] :  |b Health Law Center, Aspen Systems Corporation,  |c [1959]- 
300 |a 2 volumes in 6 ;  |c 26 cm. 
336 |a text  |b txt  |2 rdacontent 
337 |a unmediated  |b n  |2 rdamedia 
338 |a volume  |b nc  |2 rdacarrier 
500 |a Loose-leaf for updating. 
500 |a Published 1959-1967? in Pittsburgh by the Health Law Center, University of Pittsburgh. 
500 |a Includes sections of the Hospital law manual newsletter -1992. 
505 0 |a v. 1. Administrator's volume. 3 v. -- v. 2. Attorney's volume. 3 v. 
580 |a Issued with hospital law manual bulletin, 1992-. 
650 0 |a Hospitals  |x Law and legislation  |z United States. 
650 2 |a Hospitals  |x legislation. 
700 1 |a La Macchia, Ellamay Ebbs. 
700 1 |a Roth, Michael D. 
740 0 |a Hospital law manual newsletter. 
999 |a MARS 
999 f f |s cbcfc24b-bfc5-3ed7-b14b-c5ab6274a173  |i d31aa977-2338-3557-997b-8ad7c2e5f096  |t 0 
952 f f |p ric  |a Texas A&M University  |b Rellis Campus  |c Joint Library Facility  |d Remote Storage  |t 0  |e KF3825.A6 A85  |h Library of Congress classification  |i unmediated -- volume  |k v.2  |m A14822747926 
952 f f |p ric  |a Texas A&M University  |b Rellis Campus  |c Joint Library Facility  |d Remote Storage  |t 0  |e KF3825.A6 A85  |h Library of Congress classification  |i unmediated -- volume  |k v.1  |m A14822747976 
952 f f |p ric  |a Texas A&M University  |b Rellis Campus  |c Joint Library Facility  |d Remote Storage  |t 0  |e KF3825.A6 A85  |h Library of Congress classification  |i unmediated -- volume  |k v.3  |m A14822747879 
952 f f |p ric  |a Texas A&M University  |b Rellis Campus  |c Joint Library Facility  |d Remote Storage  |t 0  |e KF3825.A6 A85  |h Library of Congress classification  |i unmediated -- volume  |k v.4  |m A14822747811 
998 f f |a KF3825.A6 A85  |s v.1-v.4  |t 0  |l Remote Storage